| 000 | 01559nam a22002777a 4500 | ||
|---|---|---|---|
| 005 | 2008072908258.0 | ||
| 007 | DVD | ||
| 008 | 080729t xxu||||| |||| 00| 0 eng d | ||
| 010 | _aDVD-000123-125 | ||
| 024 |
_a26681 _c499.00 (set of 2 DVD) |
||
| 040 | _aDPL | ||
| 082 | _aDVD / ALIE | ||
| 245 |
_aAlien Vs Predator _cProduced and Directed by Paul W. S. Anderson _h{Videodisc (DVD)} |
||
| 300 |
_a2 Videodisc DVD (101 min.) _bSd., Col. _c4 3/4 in. |
||
| 440 | _atwo disc extreme edition | ||
| 500 | _aTwo legendary alied species ring their lethal rivalry to earth in a spectacular battle destined to be the ultimate confrintation. | ||
| 538 | _aDolby Digital 5:1, English Thai, English 5.1 DTS, Subtitles English, Cantonese, Korean, Mandarin, thai, Tagalog, Bhasa | ||
| 700 | _aAnderson, Paul W.S. | ||
| 700 | _aGuidasci, Magali | ||
| 700 | _aKloser, Harald | ||
| 942 |
_2ddc _cCF _hDVD / ALIE |
||
| 999 |
_c14648 _d14648 |
||